000 01196nam a22003017a 4500
003 BD-DhSAU
005 20221017112817.0
008 161006b2018 bg ad||| |||| 00| 0 eng d
040 _aBD-DhSAU
082 _222
_a660.6
_bV124
100 _aVabna , Farhana Afrin
_4Reg. No. # 12-04439
245 _aMolecular characterization and genetic diversity analysis of Boro rice Germplasm using SSR markers /
_bMs Thesis
_cFarhana Afrin Vabna
260 _aSher- e- Bangla Agricultural University,
_b Department of Biotechnology,
_c2018
300 _axi , 62 p. :
_bill. ;
_c30 cm.
500 _aMS thesis , Department of Biotechnology, Faculty of Agriculture, Sher-e-Bangla Agricultural University, Dhaka, Bangladesh
504 _aIncludes bibliographical references.
590 _aShofi
650 _a Biotechnology
650 _aMolecular characterization
650 _aGenetic diversity
650 _aSSR marker
650 _a Boro rice
650 _aGermplasm
700 _a Hoque, Md. Ekramul
_4Supervisor
700 _aIslam , Mohammad Zahidul
_4Co-Supervisor
856 _uhttp://archive.saulibrary.edu.bd:8080/xmlui/handle/123456789/2910
_yOnline Access
942 _2ddc
_cTHESIS
999 _c14820
_d14819